000 00581nam a2200181 i 4500
001 22689
003 ES-MaACL
005 20251201163825.0
007 t|
008 021204s1958 sp ||||1| val d
100 1 _aAlmela i Vives, Francesc.
_920131
245 1 3 _aEl Duc de Calabria i la seua Cort /
_cFrancisco Almela y Vives.
260 _aValencia :
_b[s.n.],
_c1958 (
_fTip. Moderna)
300 _a157 p., 10 lám. ;
_c21 cm.
600 1 7 _aCalabria, Fernando de Aragón,
_cDuque de,
_d1488-1550
_2
_9165577
852 _aES-MaACL
_jC-14989
_bR.42586
999 _c22689
_d22689